000 00512nam a2200193Ia 4500
005 20250609165450.0
008 008 250516s9999 xx 000 0 eng d
020 _a9781032537504
040 _beng
_cSDCL
041 _aeng
_2eng
084 _aY15 R4
100 _aJohnson-Freese, Joan
_9809748
245 0 _aWomen, peace and security :
_bAn introduction
250 _a2nd ed.
260 _aLondon :
_bRoutledge,
_c2024.
300 _axiii, 236p.
650 _aPolitical Science
942 _cTEXL
_2CC
999 _c1429834
_d1429834